| 000 | 00512nam a2200205Ia 4500 | ||
|---|---|---|---|
| 001 | 17399 | ||
| 003 | GE_BSU | ||
| 008 | 181216s||||||||xx |||||||||||||| ||und|| | ||
| 020 | _a978140581561 | ||
| 040 | _cGE_BSU | ||
| 080 | _a811.111 | ||
| 100 | _aFoley,Mark. Hall,Diane | ||
| 245 | _aTotal English. Students book (CD) | ||
| 260 | _c2005 | ||
| 300 | _a160 p. | ||
| 541 | _h7Gel. | ||
| 653 | _aTotal English. Students book | ||
| 653 | _aინგლისური გრამატიკა | ||
| 942 | _cBK | ||
| 999 |
_c50453 _d50453 |
||